[Event "Frankfurt Ch 2012"]
[Site "Ffm-Kalbach, LAZ"]
[Date "2012.06.11"]
[Round "6.1"]
[White "Weber, Samuel"]
[Black "Meister, Peter"]
[Result "1-0"]
[WhiteElo "1328"]
[BlackElo "1406"]
[PlyCount "129"]
[EventDate "2012.??.??"]
[WhiteTeam "SC Flörsheim 1921"]
[BlackTeam "Sfr. Frankfurt 1921"]

1. d4 Nf6 2. Nf3 g6 3. g3 Bg7 4. Bg2 d6 5. c4 Nbd7 6. O-O O-O 7. Nc3 Re8 8. Bg5
e5 9. e3 Rb8 10. Re1 b6 11. Qc2 Bb7 12. Rad1 exd4 13. exd4 Qc8 14. Rxe8+ Qxe8
15. Re1 Qc8 16. b3 Nf8 17. d5 N8d7 18. b4 Qf8 19. Bf4 a6 20. a4 Bh6 21. Qd2
Bxf4 22. Qxf4 Qg7 23. Bh3 Nh5 24. Qe3 Nhf6 25. Bxd7 Nxd7 26. Ne4 Nf6 27. Ned2
Kf8 28. Qe7+ Kg8 29. Qxc7 Qf8 30. Ne4 Nxe4 31. Rxe4 b5 32. axb5 axb5 33. Re7
bxc4 34. Ng5 Bxd5 35. Qxd6 Qd8 36. Rd7 Qxg5 37. Qxb8+ Kg7 38. Qf4 Qxf4 39. gxf4
Be6 40. Rc7 Kf6 41. b5 Bd5 42. b6 Ke6 43. b7 Bxb7 44. Rxb7 h5 45. Rc7 Kd5 46.
Kf1 f5 47. Ke2 Kd4 48. Kd2 c3+ 49. Kc2 Ke4 50. Rxc3 Kxf4 51. Kd2 Kg5 52. Ke1
Kf6 53. Kf1 Kg5 54. Kg2 Kh6 55. h4 Kg7 56. f4 Kf6 57. Kf3 Kg7 58. Rc6 Kh6 59.
Ke3 Kg7 60. Kd4 Kh6 61. Ke5 Kg7 62. Rb6 Kh6 63. Kf6 Kh7 64. Rb7+ Kh6 65. Rg7
1-0

[Event "Frankfurt Ch 2012"]
[Site "Ffm-Kalbach, LAZ"]
[Date "2012.06.11"]
[Round "6.2"]
[White "Mayer, Andreas"]
[Black "Hartmann, Stephan"]
[Result "0-1"]
[WhiteElo "1360"]
[BlackElo "1403"]
[PlyCount "78"]
[EventDate "2012.??.??"]
[WhiteTeam "Sfr. Frankfurt 1921"]
[BlackTeam "SG Turm Idstein"]

1. c4 e5 2. Nc3 Nc6 3. Nf3 Nf6 4. g3 Be7 5. Bg2 O-O 6. O-O d6 7. d4 exd4 8.
Nxd4 Nxd4 9. Qxd4 c6 10. a3 Be6 11. Qd3 Nd7 12. b3 Nc5 13. Qc2 Bf6 14. Bb2 Qe7
15. Rad1 Rad8 16. Rfe1 Qd7 17. b4 Na6 18. Ne4 Bxb2 19. Qxb2 d5 20. Ng5 Qe7 21.
Nxe6 fxe6 22. cxd5 exd5 23. e4 dxe4 24. Rxd8 Qxd8 25. Bxe4 Nc7 26. Qb3+ Kh8 27.
Rd1 Qf6 28. Qc2 g6 29. Rd3 Kg7 30. Qc3 Qxc3 31. Rxc3 Rd8 32. Rd3 Rxd3 33. Bxd3
a6 34. f4 Kf6 35. Kf2 h6 36. Kf3 g5 37. fxg5+ hxg5 38. Kg4 Nd5 39. Kf3 Nc7 0-1

[Event "Frankfurt Ch 2012"]
[Site "Ffm-Kalbach, LAZ"]
[Date "2012.06.11"]
[Round "6.3"]
[White "Lopez Fuertes, Victor"]
[Black "Friedel, Thomas"]
[Result "1-0"]
[WhiteElo "1778"]
[BlackElo "1592"]
[PlyCount "183"]
[EventDate "2012.??.??"]
[WhiteTeam "SC 1910 Höchst"]
[BlackTeam "SV 1946 Groß-Gerau"]

1. e4 e5 2. Nf3 Nc6 3. Nc3 Bc5 4. Nxe5 Bxf2+ 5. Kxf2 Nxe5 6. d4 Nc6 7. Be3 d6
8. Bb5 Bd7 9. Nd5 Nge7 10. Bg5 f6 11. Qh5+ Ng6 12. Be3 Nce7 13. Bd3 O-O 14.
Rhf1 Be6 15. Kg1 Bf7 16. Nxe7+ Qxe7 17. Qf3 c6 18. b3 d5 19. Bd2 Qd6 20. a3
dxe4 21. Qxe4 Rfe8 22. Bb4 Rxe4 23. Bxd6 Rxd4 24. Bc5 Rd5 25. b4 Ne5 26. Be4
Rd2 27. Rad1 Rxd1 28. Rxd1 a6 29. Be3 Bh5 30. Rd4 Re8 31. Bf4 Nf7 32. Bd3 Bg4
33. Bc4 Kf8 34. Bc7 Be6 35. Bd3 Bd5 36. Bxh7 Re1+ 37. Kf2 Ra1 38. c4 Ra2+ 39.
Ke1 Bxg2 40. Bb6 Bh3 41. Rd3 Rxh2 42. Bc5+ Ke8 43. Bg6 Be6 44. Re3 Kd7 45. Rd3+
Kc8 46. Bxf7 Bxf7 47. Rg3 g6 48. Re3 Rh8 49. Kf2 Re8 50. Rc3 Re4 51. Bb6 Bxc4
52. Rg3 Bf7 53. Rd3 Bd5 54. Rh3 Kd7 55. Bc5 b5 56. Rh7+ Ke6 57. Re7+ Kf5 58.
Ra7 g5 59. Rxa6 Rf4+ 60. Ke2 g4 61. a4 bxa4 62. Rxa4 Bc4+ 63. Ke1 Rf1+ 64. Kd2
Ke4 65. Ra3 f5 66. Re3+ Kd5 67. Rg3 Ba6 68. Bb6 Rf3 69. Rg1 Kc4 70. Bc5 Rd3+
71. Ke2 Kb3 72. Kf2 Rf3+ 73. Kg2 Rh3 74. Kf2 Kc2 75. Rg2 Kd3 76. Rg1 Rf3+ 77.
Kg2 Ke2 78. Ra1 Bb5 79. Ra2+ Kd3 80. Ra3+ Ke4 81. Ra1 g3 82. Re1+ Kf4 83. Bd6+
Kg4 84. Rd1 f4 85. Rd4 Rf2+ 86. Kg1 Kh3 87. Rd1 g2 88. Kxf2 f3 89. Bc5 Be2 90.
Rd6 Kg4 91. Rxc6 g1=Q+ 92. Kxg1 1-0

[Event "Frankfurt Ch 2012"]
[Site "Ffm-Kalbach, LAZ"]
[Date "2012.06.11"]
[Round "6.4"]
[White "Paulicks, Frank"]
[Black "Mongi, Mario"]
[Result "0-1"]
[WhiteElo "1107"]
[BlackElo "1343"]
[PlyCount "66"]
[EventDate "2012.??.??"]
[WhiteTeam "SV Oberhessen Echzell e.V."]
[BlackTeam "Sfr. Frankfurt 1921"]

1. d4 f5 2. Bf4 Nf6 3. e3 g6 4. Nd2 Bg7 5. h3 O-O 6. Ngf3 d6 7. Be2 Qe8 8. O-O
b5 9. c3 Bb7 10. Qb3+ Kh8 11. Bxb5 Bc6 12. Bd3 Nbd7 13. Qc4 Nb6 14. Qb4 Rb8 15.
Qa5 Ne4 16. c4 Qd7 17. Rab1 Na4 18. Nxe4 fxe4 19. d5 exd3 20. dxc6 Qxc6 21. b3
Nc3 22. Rbe1 Ne2+ 23. Kh1 Bc3 24. Nd4 Bxd4 25. exd4 Rxf4 26. d5 Qd7 27. g4 Rbf8
28. Rxe2 dxe2 29. Qc3+ Kg8 30. Rg1 Rf3 31. Qd4 R8f4 32. Qxa7 Rxh3+ 33. Kg2
Qxg4# 0-1

[Event "Frankfurt Ch 2012"]
[Site "Ffm-Kalbach, LAZ"]
[Date "2012.06.11"]
[Round "6.5"]
[White "Anhalt, Klaus"]
[Black "Neuhaus, Joachim"]
[Result "0-1"]
[WhiteElo "1282"]
[BlackElo "1446"]
[PlyCount "24"]
[EventDate "2012.??.??"]
[WhiteTeam "SK Bickenbach"]
[BlackTeam "SC 1933 Somborn"]

1. d4 d5 2. c4 e5 3. cxd5 Qxd5 4. e3 exd4 5. Qxd4 Qxd4 6. exd4 Nf6 7. Nf3 Nc6
8. Nc3 Bb4 9. a3 Ba5 10. Bd3 Bg4 11. b4 Bb6 12. Ne5 Bxd4 0-1

[Event "Frankfurt Ch 2012"]
[Site "Ffm-Kalbach, LAZ"]
[Date "2012.06.11"]
[Round "6.7"]
[White "Hollmann, Leon"]
[Black "Leßmann, Sven"]
[Result "0-1"]
[WhiteElo "1077"]
[BlackElo "1320"]
[PlyCount "41"]
[EventDate "2012.??.??"]
[WhiteTeam "SV 1920 Hofheim"]
[BlackTeam "SC Bad Soden"]

1. e4 d6 2. d4 Nf6 3. Nc3 g6 4. Bc4 Bg7 5. Nf3 O-O 6. O-O c6 7. Bf4 b5 8. Bb3
Ba6 9. Re1 b4 10. Nb1 Nbd7 11. c3 Nh5 12. Bg3 Nxg3 13. fxg3 Qb6 14. Qd2 Rab8
15. cxb4 Qxb4 16. Qxb4 Rxb4 17. d5 Bxb2 18. a3 Rxb3 19. Ra2 Bf6 20. dxc6 Nb6
21. Rc1 0-1

[Event "Frankfurt Ch 2012"]
[Site "Ffm-Kalbach, LAZ"]
[Date "2012.06.11"]
[Round "6.8"]
[White "Dümmler, Rolf"]
[Black "Wachter, Peter"]
[Result "1-0"]
[WhiteElo "1438"]
[BlackElo "786"]
[PlyCount "65"]
[EventDate "2012.??.??"]
[WhiteTeam "vereinslos"]
[BlackTeam "Bad Vilbeler Sfr.1985"]

1. c4 e5 2. Nc3 b6 3. Nf3 Nc6 4. d4 exd4 5. Nxd4 Bb7 6. Bf4 Bc5 7. Nf3 h6 8. e3
Nf6 9. Be2 O-O 10. O-O Be7 11. a3 d6 12. Qc2 d5 13. Rad1 Na5 14. b4 Nc6 15.
Nxd5 Bd6 16. c5 bxc5 17. bxc5 Bxf4 18. Nxf4 Qe7 19. Rd2 Ne5 20. Nxe5 Qxe5 21.
c6 Bc8 22. Rfd1 Bf5 23. Qb2 Qxb2 24. Rxb2 Rab8 25. Rxb8 Rxb8 26. Bd3 Bxd3 27.
Nxd3 Ne4 28. h3 Rb6 29. Nb4 Nd6 30. Nd5 Nc4 31. Nxb6 axb6 32. a4 Nd6 33. Rxd6
1-0

[Event "Frankfurt Ch 2012"]
[Site "Ffm-Kalbach, LAZ"]
[Date "2012.06.11"]
[Round "6.9"]
[White "Manasek, Martin"]
[Black "Urbach, Jens"]
[Result "1-0"]
[WhiteElo "1287"]
[BlackElo "1586"]
[PlyCount "89"]
[EventDate "2012.??.??"]
[WhiteTeam "Bad Vilbeler Sfr.1985"]
[BlackTeam "Sfr. Frankfurt 1921"]

1. d4 Nf6 2. Nf3 d5 3. h3 e6 4. Bf4 Bd6 5. Be5 O-O 6. e3 Bxe5 7. dxe5 Ne4 8.
Bd3 c5 9. O-O c4 10. Be2 Bd7 11. Nbd2 Nc6 12. Nd4 Nxe5 13. Nxe4 dxe4 14. f4 Ng6
15. Bxc4 b5 16. Bb3 a5 17. a3 a4 18. Ba2 Nh4 19. Qe1 Nf5 20. c3 g5 21. Nxf5
exf5 22. fxg5 Qxg5 23. Rd1 Rad8 24. h4 Qg6 25. Qf2 Kh8 26. Qf4 Rg8 27. Rf2 Rg7
28. Rd6 Qh5 29. Qe5 Qxh4 30. Rxd7 Rdg8 31. Bxf7 Rf8 32. Be6 Qg5 33. Rxg7 Qxg7
34. Qxg7+ Kxg7 35. Rxf5 Rd8 36. Rxb5 Rd3 37. Kf2 Rd6 38. Bd5 Rf6+ 39. Kg1 Rf5
40. Rb7+ Kh6 41. Bxe4 Re5 42. Rxh7+ Kg5 43. Bf3 Rxe3 44. Kf2 Re5 45. Rh5+ 1-0

[Event "Frankfurt Ch 2012"]
[Site "Ffm-Kalbach, LAZ"]
[Date "2012.06.11"]
[Round "6.10"]
[White "Wöhl, Torsten"]
[Black "Peschk, Kathrin"]
[Result "1-0"]
[WhiteElo "1659"]
[BlackElo "905"]
[PlyCount "81"]
[EventDate "2012.??.??"]
[WhiteTeam "SC Groß-Zimmern"]
[BlackTeam "SV 1946 Groß-Gerau"]

1. c4 e5 2. Nc3 f5 3. g3 Nf6 4. Bg2 Bc5 5. e3 O-O 6. Nge2 Nc6 7. a3 a5 8. Qa4
Ra6 9. Nd5 Kh8 10. f4 d6 11. Nec3 Re8 12. Nb5 Nxd5 13. cxd5 Na7 14. Nxc7 Bd7
15. Ne6 Bxa4 16. Nxd8 Rxd8 17. fxe5 dxe5 18. O-O Rf6 19. b4 Bb6 20. Bb2 Re8 21.
d6 Rxd6 22. Rxf5 Rxd2 23. Rxe5 Rxe5 24. Bxe5 Bxe3+ 25. Kh1 Nc6 26. Bc7 b6 27.
h4 h6 28. Kh2 Nxb4 29. Kh3 Bd7+ 30. g4 Rd3 31. Be4 Rd4 32. Bf3 Rf4 33. Bxf4
Bxf4 34. axb4 a4 35. Be4 h5 36. Bf5 Be5 37. Ra2 hxg4+ 38. Kxg4 Bxf5+ 39. Kxf5
Bf6 40. Rxa4 Bxh4 41. Kg6 1-0

[Event "Frankfurt Ch 2012"]
[Site "Ffm-Kalbach, LAZ"]
[Date "2012.06.11"]
[Round "6.11"]
[White "Krüger, Manfred"]
[Black "Lochmann, Tobias"]
[Result "1-0"]
[WhiteElo "1645"]
[BlackElo "730"]
[PlyCount "61"]
[EventDate "2012.??.??"]
[WhiteTeam "SAbt Niederräder TG"]
[BlackTeam "SV 1946 Groß-Gerau"]

1. e4 e5 2. Nf3 Nc6 3. Bc4 Nf6 4. O-O Bc5 5. Ng5 O-O 6. Nc3 d6 7. h3 b6 8. a3
Bb7 9. Na2 Nd4 10. c3 Ne6 11. Bxe6 fxe6 12. Nxe6 Qe8 13. Nxc7 Qb8 14. Nxa8 Qxa8
15. d3 d5 16. b4 dxe4 17. bxc5 bxc5 18. Qb3+ Bd5 19. c4 Bf7 20. Bb2 Qe8 21. Qc3
Qe7 22. Qxe5 Qxe5 23. Bxe5 Nd7 24. Bd6 Rd8 25. dxe4 Bxc4 26. Rfd1 Bb3 27. Rdc1
Rc8 28. Nc3 Ba4 29. Nd5 Rc6 30. Ne7+ Kf8 31. Nxc6+ 1-0

[Event "Frankfurt Ch 2012"]
[Site "Ffm-Kalbach, LAZ"]
[Date "2012.06.11"]
[Round "6.13"]
[White "Hirth, Heinrich"]
[Black "Blank, Martina"]
[Result "0-1"]
[WhiteElo "1081"]
[BlackElo "821"]
[PlyCount "56"]
[EventDate "2012.??.??"]
[WhiteTeam "SAbt TuS Hausen"]
[BlackTeam "vereinslos"]

1. c4 e5 2. e4 Nc6 3. a3 Bc5 4. Nf3 Nge7 5. b4 Bd4 6. Ra2 f5 7. d3 O-O 8. Bb2
d6 9. h3 Ng6 10. Qd2 a6 11. Bxd4 Nxd4 12. Nxd4 exd4 13. f3 Qh4+ 14. Qf2 Qf4 15.
Nd2 Bd7 16. Qxd4 Kh8 17. Qf2 Bc6 18. g3 Qe5 19. d4 Qe7 20. d5 Ba4 21. Qd4 fxe4
22. fxe4 Ne5 23. Bg2 c5 24. Qc3 Rf7 25. Rf1 Raf8 26. Rxf7 Qxf7 27. Qe3 Nd3+ 28.
Ke2 Nc1+ 0-1

[Event "Frankfurt Ch 2012"]
[Site "Ffm-Kalbach, LAZ"]
[Date "2012.06.11"]
[Round "6.14"]
[White "Dröser, Wolfgang"]
[Black "Hartwig, Horst"]
[Result "1-0"]
[WhiteElo "1263"]
[BlackElo "1244"]
[PlyCount "75"]
[EventDate "2012.??.??"]
[WhiteTeam "Sfr. Frankfurt 1921"]
[BlackTeam "SAbt TuS Hausen"]

1. f4 Nc6 2. Nf3 Nf6 3. e3 d5 4. c3 a6 5. g3 Bg4 6. Bg2 e5 7. fxe5 Nxe5 8. O-O
Ne4 9. d4 Nc4 10. b3 Bd6 11. Qe1 Nb6 12. Bb2 Qd7 13. Kh1 Bh3 14. Nbd2 Bxg2+ 15.
Kxg2 Qg4 16. Nxe4 Qxe4 17. Kg1 h6 18. Qf2 f6 19. Nd2 Qe6 20. Rae1 O-O-O 21. e4
Nd7 22. c4 c6 23. exd5 Qf7 24. dxc6 bxc6 25. c5 Bc7 26. Qe2 Nb8 27. Qd3 Ba5 28.
Ra1 Rhe8 29. Nc4 Bc7 30. Bc3 Rd5 31. a4 Qh5 32. Rae1 Nd7 33. Nd6+ Bxd6 34. cxd6
Nb8 35. Rxe8+ Qxe8 36. Re1 Qg8 37. Qg6 Rxd6 38. Re8+ 1-0

[Event "Frankfurt Ch 2012"]
[Site "Ffm-Kalbach, LAZ"]
[Date "2012.06.11"]
[Round "6.15"]
[White "Schreer, Maxima"]
[Black "Paetzke, Arthur"]
[Result "1-0"]
[WhiteElo "745"]
[BlackElo "828"]
[PlyCount "61"]
[EventDate "2012.??.??"]
[WhiteTeam "SV 1920 Hofheim"]
[BlackTeam "SV Oberursel"]

1. e4 e5 2. Nf3 Nc6 3. Nc3 Bc5 4. Bc4 d6 5. O-O Nf6 6. d3 O-O 7. h3 Nd4 8. Bg5
Qe7 9. a3 a5 10. Nd5 Qd8 11. Bxf6 gxf6 12. Nxd4 Bxd4 13. Rb1 c6 14. Nc3 Bxc3
15. bxc3 d5 16. exd5 cxd5 17. Bb5 Qe7 18. a4 e4 19. Qh5 Rd8 20. c4 Be6 21. dxe4
dxe4 22. Rfe1 f5 23. f3 Qc5+ 24. Kh1 e3 25. Qg5+ Kf8 26. Rxe3 Qd4 27. Qh6+ Kg8
28. Rbe1 Rd6 29. f4 Qd2 30. Rg3+ Kh8 31. Qg7# 1-0